000 01136nab a2200217 i 4500
001 768714001
003 CO-MdFUSB
005 20240531062758.0
008 240530t1974 ag ||||| |||| 00| 0 spa d
040 _bspa
_cCO-MdFUSB
_dCO-MdFUSB
041 _aspa
100 _aYoung, José,
_eautor
245 _aJesús el perturbador
_c/ José Young
520 _aSi bien Jesús está confinado a su templo, su culto y sus reuniones religiosas, no se diferencia del hombre hecho de madera. Hasta que conozcamos a Jesús aparte del Jesús inofensivo, no conoceremos la realidad. Porque el verdadero Cristo fue y sigue siendo un perturbador. Muchos prefieren llamarlo "príncipe de la paz", pero él es más bien un rompedor de la paz. A continuación veremos unos ejemplos de la historia para confirmarlo.
650 7 _aCristología
_9239
650 7 _aCristianismo
_2
_922
650 0 _aConducta de vida
_920
773 0 _069974
_982717
_dBuenos Aires
_oR2609
_tCerteza
_w(CO-MdFUSB)768714001
_gNúmero 55, (julio - septiembre, 1974) páginas: 220 - 222
_qpágina: 220
942 _cANA
945 _aCatherine Arias Álvarez - Practicante SENA
999 _c70006
_d70006